00341nam a22000977a 4500008004100000020001500041050002700056245010100083260003100184300002800215200812b xxu||||| |||| 00| 0 eng d a0071411714 aTH9705 b.B85 2004 c.1 aBuilding Security bHandbook for architectural planning and design cEdited by Barbara A. Nadel  aNew YorkbMcGrawHillc2004 a3 Vol. (various paging)